| 000 | 007270000a22002290004500 | ||
|---|---|---|---|
| 003 | LK-CoMWRAF | ||
| 005 | 20231226104826.0 | ||
| 008 | 230817t1976 ||||| |||| 00| 0 eng d | ||
| 020 | _a9251005818 | ||
| 040 |
_aLK-CoMWRAF _dLK-CoMWRAF _eLK-CoMWRAF |
||
| 041 | _aeng | ||
| 082 |
_a630 _bWOR |
||
| 110 | _aWorld food programme | ||
| 245 | _aFood aid and the role of women in development | ||
| 260 |
_aRome: _bWorld Food Programme, _c1976 |
||
| 300 | _a iii, 43 p. : ill. ; 16 x 22 cm | ||
| 490 | _aWorld food programme in action | ||
| 650 | _aWomen in agriculture- Developing countries | ||
| 650 | _aWomen in rural development- Developing countries | ||
| 650 | _aWomen nutritionists -Developing countries | ||
| 942 | _cBK | ||
| 999 |
_c1740 _d1740 |
||